=LDR 00000nam 2200000 4500 =001 000948 =005 20250712012426 =035 ##$$a 0010-0725000826 =007 ta =008 250712################a##########0#ind## =020 ##$$a 978-623-472-200-0 =082 ##$$a 398.209 598 =084 ##$$a 398.209 598 PRA k =100 #$$a Pradhan, Sampada =245 1#$$a Kata-Kata Sangat Berarti : $b Kisah Berirama /$c Sampada Pradhan =250 ##$$a Cetakan pertama =260 ##$$a Jakarta :$b Badan pengembangan dan pembinaan bahasa,$c 2022 =300 ##$$a 20hlm : $b Ilus. ; $c 22,9 cm =650 #4$$a Cerita anak Indonesia terjemahan =650 #4$$a Literasi bahan bacaan